| 000 -LEADER |
| fixed length control field |
00658nam a2200217 a 4500 |
| 001 - CONTROL NUMBER |
| control field |
2034 |
| 003 - CONTROL NUMBER IDENTIFIER |
| control field |
BD-DhUAP |
| 005 - DATE AND TIME OF LATEST TRANSACTION |
| control field |
20210120095648.0 |
| 008 - FIXED-LENGTH DATA ELEMENTS--GENERAL INFORMATION |
| fixed length control field |
201224s1996 ii a b 001 0 eng d |
| 020 ## - INTERNATIONAL STANDARD BOOK NUMBER |
| International Standard Book Number |
0132548976 |
| 040 ## - CATALOGING SOURCE |
| Original cataloging agency |
DLC |
| Transcribing agency |
DLC |
| Modifying agency |
BD-DhUAP |
| Language of cataloging |
eng |
| 082 00 - DEWEY DECIMAL CLASSIFICATION NUMBER |
| Classification number |
658.8 MAR |
| Edition number |
23 |
| 245 10 - TITLE STATEMENT |
| Title |
Marketing management : |
| Remainder of title |
an Asian perspective / |
| Statement of responsibility, etc. |
Philip Kotler ... [et al.]. |
| 260 ## - PUBLICATION, DISTRIBUTION, ETC. |
| Place of publication, distribution, etc. |
New Delhi : |
| Name of publisher, distributor, etc. |
Prentice Hall, |
| Date of publication, distribution, etc. |
c1996. |
| 300 ## - PHYSICAL DESCRIPTION |
| Extent |
xviii, 1055 pages : |
| Other physical details |
illustrations ; |
| Dimensions |
29 cm. |
| 504 ## - BIBLIOGRAPHY, ETC. NOTE |
| Bibliography, etc. note |
Includes bibliographical references and index. |
| 650 #0 - SUBJECT ADDED ENTRY--TOPICAL TERM |
| Topical term or geographic name entry element |
Marketing |
| General subdivision |
Management. |
| 700 1# - ADDED ENTRY--PERSONAL NAME |
| Personal name |
Kotler, Philip. |
| 942 00 - ADDED ENTRY ELEMENTS (KOHA) |
| Source of classification or shelving scheme |
|
| Koha item type |
Book |